[Event "29. Schweinfurt Open"]
[Site "Schweinfurt"]
[Date "2019.06.21"]
[Round "3.22"]
[White "Voelker, Joachim"]
[Black "Kiesel, Jannik"]
[Result "1/2-1/2"]
[WhiteElo "1743"]
[BlackElo "1579"]
[PlyCount "36"]
[EventDate "2019.??.??"]
[WhiteTeam "SK Schweinfurt"]
[BlackTeam "DT Münnerstadt"]

1. e4 e6 2. d4 d5 3. exd5 exd5 4. Nf3 Nf6 5. Bd3 Bg4 6. O-O Be7 7. Bg5 Nbd7 8.
Nbd2 O-O 9. c3 c6 10. Qc2 Re8 11. Ne5 h6 12. Bxf6 Nxf6 13. h3 Be6 14. Bf5 Bxf5
15. Qxf5 Qc8 16. Qxc8 Raxc8 17. Rfe1 Bd6 18. Nd3 Nd7 1/2-1/2

[Event "29. Schweinfurt Open"]
[Site "Schweinfurt"]
[Date "2019.06.21"]
[Round "3.23"]
[White "Althaus, Lennart"]
[Black "Drewes, Thomas"]
[Result "1-0"]
[WhiteElo "1549"]
[BlackElo "1740"]
[PlyCount "67"]
[EventDate "2019.??.??"]
[WhiteTeam "TV-Großostheim"]
[BlackTeam "SV Würzburg"]

1. c4 Nf6 2. Nc3 c6 3. d4 d5 4. Nf3 dxc4 5. e3 b5 6. a4 b4 7. Ne2 Bg4 8. Nf4 c3
9. bxc3 bxc3 10. Be2 Qa5 11. Qc2 e6 12. O-O Nbd7 13. Ba3 Bf5 14. Bd3 Bxa3 15.
Rxa3 Bxd3 16. Qxd3 Nd5 17. Ne2 c5 18. Nxc3 Nxc3 19. Qxc3 Qxc3 20. Rxc3 cxd4 21.
Nxd4 O-O 22. Rc7 Nb6 23. a5 Nd5 24. Rb7 Rfc8 25. a6 e5 26. Nb5 Rc6 27. Ra1 Rac8
28. h3 Rc1+ 29. Rxc1 Rxc1+ 30. Kh2 g6 31. Rxa7 Ra1 32. Ra8+ Kg7 33. a7 Nb6 34.
Rb8 1-0

[Event "29. Schweinfurt Open"]
[Site "Schweinfurt"]
[Date "2019.06.21"]
[Round "3.24"]
[White "Wirth, Reinhard"]
[Black "Lee, Kwan Ho"]
[Result "1/2-1/2"]
[WhiteElo "1736"]
[BlackElo "1553"]
[PlyCount "32"]
[EventDate "2019.??.??"]
[WhiteTeam "SC Bergrheinfeld"]
[BlackTeam "SV Hockenheim"]

1. e4 c6 2. d4 d5 3. e5 Bf5 4. Nf3 e6 5. Be2 c5 6. c3 Nc6 7. Bb5 Qb6 8. Bxc6+
bxc6 9. O-O h6 10. Nbd2 Bd3 11. Re1 c4 12. b3 Ne7 13. Ba3 Qa6 14. Bc5 Ng6 15.
Bxf8 Kxf8 16. b4 Qa3 1/2-1/2

[Event "29. Schweinfurt Open"]
[Site "Schweinfurt"]
[Date "2019.06.21"]
[Round "3.25"]
[White "Senft, Katharina"]
[Black "Ley, Reinhard"]
[Result "0-1"]
[WhiteElo "1503"]
[BlackElo "1709"]
[PlyCount "60"]
[EventDate "2019.??.??"]
[WhiteTeam "SK Arnstein"]
[BlackTeam "SV Spr.Siershahn"]

1. e4 Nf6 2. Nc3 d5 3. e5 d4 4. exf6 dxc3 5. fxe7 cxd2+ 6. Bxd2 Bxe7 7. Nf3 O-O
8. Bc4 Bg4 9. h3 Bh5 10. Bd3 Nc6 11. Qe2 Re8 12. O-O-O Bf6 13. Qf1 Ne5 14. Be2
Nxf3 15. Bxf3 Bxf3 16. gxf3 Qd5 17. Kb1 Qxf3 18. Be3 Rad8 19. Re1 Re6 20. Qe2
Qxe2 21. Rxe2 Bd4 22. Rd1 Bf6 23. Rxd8+ Bxd8 24. Rd2 Bg5 25. Rd7 h6 26. Rxc7
Bxe3 27. fxe3 Rxe3 28. c4 f5 29. Rxb7 f4 30. Rb3 Rxb3 0-1

[Event "29. Schweinfurt Open"]
[Site "Schweinfurt"]
[Date "2019.06.21"]
[Round "3.27"]
[White "Loew, Leonid"]
[Black "Westerhoff, Ralf"]
[Result "0-1"]
[WhiteElo "1360"]
[BlackElo "1487"]
[PlyCount "66"]
[EventDate "2019.??.??"]
[WhiteTeam "Allersberger SC"]
[BlackTeam "SV Kaponier Vechta"]

1. e4 c5 2. Nf3 Nc6 3. Bc4 e6 4. Nc3 g6 5. O-O Bg7 6. Re1 Nge7 7. b3 O-O 8. Bb2
d5 9. exd5 Nxd5 10. Rb1 Nxc3 11. Bxc3 Nd4 12. a4 Qc7 13. Bb2 e5 14. c3 Nxf3+
15. Qxf3 Bf5 16. Rbd1 e4 17. Qg3 Be5 18. f4 Bxf4 19. Qh4 Rad8 20. Bc1 Be5 21.
g4 Bd7 22. Rxe4 Bc6 23. Re3 Bf4 24. Rh3 h6 25. Qf2 Qe5 26. Re1 Qg5 27. Ree3
Qxg4+ 28. Rhg3 Bxg3 29. Qxg3 Qf5 30. d3 Rde8 31. h4 Rxe3 32. Bxe3 h5 33. Bxc5
Qxc5+ 0-1

[Event "29. Schweinfurt Open"]
[Site "Schweinfurt"]
[Date "2019.06.21"]
[Round "3.28"]
[White "Roess, Jonas"]
[Black "Buld, Lukas"]
[Result "1-0"]
[WhiteElo "1478"]
[BlackElo "1227"]
[PlyCount "171"]
[EventDate "2019.??.??"]
[WhiteTeam "SC Knetzgau"]
[BlackTeam "SC Knetzgau"]

1. e4 e5 2. d4 exd4 3. Nf3 Bc5 4. Bc4 Qe7 5. O-O Nh6 6. Bg5 Qd6 7. Qd2 Ng4 8.
Bf4 Qb6 9. c3 d3 10. h3 Nf6 11. Qxd3 d6 12. Ng5 O-O 13. e5 dxe5 14. Bxe5 Nbd7
15. Bxf6 Nxf6 16. Nd2 h6 17. Nxf7 Rxf7 18. Qd8+ Bf8 19. Nf3 Qc5 20. Bb3 b6 21.
Bxf7+ Kxf7 22. Rfe1 Bb7 23. Ne5+ Kg8 24. Qd3 Bd6 25. Qc4+ Qd5 26. Qxd5+ Nxd5
27. c4 Nf4 28. f3 Re8 29. Ng4 Re2 30. Rxe2 Nxe2+ 31. Kf2 Ng3 32. Rd1 Nf5 33.
Kg1 h5 34. Nf2 Ne3 35. Rc1 Nf5 36. b3 Ne7 37. Rc2 Nc6 38. Ne4 Be5 39. Rd2 Nd4
40. Kf1 c5 41. Rd1 Bc6 42. Kf2 h4 43. Ke3 a5 44. f4 Nf5+ 45. Kf3 Bd4 46. Re1 a4
47. bxa4 Bxa4 48. Rb1 Ne3 49. Ng5 Nxc4 50. Kg4 Bc6 51. Kxh4 Bxg2 52. a4 Nb2 53.
Kg3 Bc6 54. Ne6 Nxa4 55. Nxd4 cxd4 56. Kf2 Be4 57. Rb4 Nc3 58. Rxd4 b5 59. Ke3
Bc6 60. Rd8+ Kf7 61. Rc8 Nd5+ 62. Kd4 Ne7 63. Rb8 Ke6 64. Kc5 Nd5 65. Kxc6 Nxf4
66. Rxb5 Nxh3 67. Rb3 Nf4 68. Re3+ Kf5 69. Rg3 g5 70. Kd6 Ne2 71. Re3 Nf4 72.
Re5+ Kg4 73. Re4 Kf3 74. Ke5 Nd3+ 75. Kf5 Nf2 76. Ra4 g4 77. Ra3+ Ke2 78. Rg3
Nd1 79. Kxg4 Nf2+ 80. Kf4 Nd3+ 81. Ke4 Nf2+ 82. Kd4 Nh1 83. Rg1 Nf2 84. Ra1 Kf3
85. Ra8 Ne4 86. Rf8+ 1-0

[Event "29. Schweinfurt Open"]
[Site "Schweinfurt"]
[Date "2019.06.21"]
[Round "3.29"]
[White "Maar, Patricia"]
[Black "Alekhin, Evgenii"]
[Result "1-0"]
[WhiteElo "1446"]
[BlackElo "1051"]
[PlyCount "67"]
[EventDate "2019.??.??"]
[WhiteTeam "Mündener SC"]
[BlackTeam "SK Schweinfurt 2000"]

1. e4 d6 2. d4 c6 3. Be2 g6 4. Nf3 Bg7 5. c3 Nf6 6. e5 dxe5 7. Nxe5 Bf5 8. Nd2
Nbd7 9. Ndf3 Nxe5 10. Nxe5 Qd5 11. O-O Nd7 12. Bc4 Qe4 13. Re1 Qh4 14. Nf3 Qf6
15. Bg5 Qd6 16. Rxe7+ Kf8 17. Rxf7+ Ke8 18. Rxg7 Nf8 19. Re7+ Qxe7 20. Bxe7
Kxe7 21. Qe2+ Kd7 22. Re1 Kc7 23. Qe5+ Kb6 24. Qxh8 c5 25. dxc5+ Kxc5 26. Qd4+
Kc6 27. Qd5+ Kc7 28. Qc5+ Kd8 29. Qxf8+ Kc7 30. Qxa8 a6 31. Re7+ Kd6 32. Qd8+
Bd7 33. Qxd7+ Kc5 34. Qc7# 1-0

[Event "29. Schweinfurt Open"]
[Site "Schweinfurt"]
[Date "2019.06.21"]
[Round "3.30"]
[White "Roth, Claudia"]
[Black "Mirring, Patrick"]
[Result "0-1"]
[WhiteElo "1052"]
[BlackElo "1430"]
[PlyCount "124"]
[EventDate "2019.??.??"]
[WhiteTeam "Spvgg Stetten"]
[BlackTeam "SK Arnstein"]

1. e4 e6 2. d4 d5 3. Nd2 c5 4. c3 Nc6 5. Ngf3 Qb6 6. Bd3 cxd4 7. cxd4 Nxd4 8.
Nxd4 Qxd4 9. Nf3 Bb4+ 10. Ke2 Qc5 11. a3 Bd7 12. axb4 Qxb4 13. exd5 exd5 14.
Re1 Ne7 15. Ne5 Be6 16. Kf1 O-O 17. b3 Qh4 18. Nf3 Qh5 19. Ba3 Rfe8 20. Re5 Nf5
21. Bxf5 Bxf5 22. Rxe8+ Rxe8 23. Qxd5 Qg6 24. Rd1 Qa6+ 25. Kg1 Qxa3 26. Qxf5
Qxb3 27. Qd7 Rf8 28. Re1 g6 29. Kf1 a5 30. Re7 b5 31. Nd4 Qd3+ 32. Re2 a4 33.
g3 a3 34. Qd5 Re8 35. Qxb5 Qxb5 36. Nxb5 Rxe2 37. Nxa3 Ra2 38. Nc4 Kg7 39. Ne3
Kf6 40. Ng4+ Kg5 41. Ne5 f5 42. h4+ Kf6 43. Nf3 h6 44. Kg2 Ra4 45. Kh3 g5 46.
hxg5+ hxg5 47. Nh2 g4+ 48. Kg2 Ra2 49. Kg1 Ke5 50. Kg2 Ke4 51. Kg1 Ra3 52. Kg2
Ra4 53. Kf1 Ra1+ 54. Kg2 Kd3 55. Nf1 Re1 56. Ne3 Rxe3 57. fxe3 Kxe3 58. Kg1 Kf3
59. Kh2 Kf2 60. Kh1 Kxg3 61. Kg1 f4 62. Kf1 Kh2 0-1

[Event "29. Schweinfurt Open"]
[Site "Schweinfurt"]
[Date "2019.06.21"]
[Round "3.31"]
[White "Neuhoff, Laertes"]
[Black "Bokov, Igor"]
[Result "1-0"]
[WhiteElo "1424"]
[BlackElo "796"]
[PlyCount "91"]
[EventDate "2019.??.??"]
[WhiteTeam "SG Leipzig"]
[BlackTeam "SK Schweinfurt 2000"]

1. d4 Nc6 2. c4 g6 3. g3 b6 4. Bg2 Bb7 5. e4 Bg7 6. Nf3 Nf6 7. e5 Ng8 8. O-O d6
9. exd6 exd6 10. Re1+ Nge7 11. Nc3 O-O 12. Be3 Nf5 13. Qd2 Qd7 14. Bh3 Qd8 15.
Bxf5 gxf5 16. Bh6 Qf6 17. Bg5 Qg6 18. d5 Ne5 19. Nxe5 dxe5 20. Nb5 e4 21. Nxc7
Rac8 22. Bf4 Bxb2 23. Qxb2 Rfd8 24. Rac1 Qg4 25. Nb5 Rc5 26. Qf6 Qg6 27. Qxd8+
Kg7 28. Qg5 Qxg5 29. Bxg5 a6 30. Nd6 Ba8 31. Rb1 b5 32. cxb5 axb5 33. Rxb5 Rxd5
34. Rxd5 Bxd5 35. Nxf5+ Kg6 36. Ne7+ Kxg5 37. Nxd5 f5 38. a4 Kg4 39. a5 h5 40.
a6 Kf3 41. Rxe4 fxe4 42. a7 h4 43. a8=Q hxg3 44. Qa3+ e3 45. Qxe3+ Kg4 46.
Qxg3+ 1-0

[Event "29. Schweinfurt Open"]
[Site "Schweinfurt"]
[Date "2019.06.21"]
[Round "3.32"]
[White "Burzler, Fabian"]
[Black "Memmel, Stefan"]
[Result "1/2-1/2"]
[WhiteElo "890"]
[BlackElo "1365"]
[PlyCount "65"]
[EventDate "2019.??.??"]
[WhiteTeam "SC Prichsenstadt / SW"]
[BlackTeam "SK Schweinfurt 2000"]

1. d4 c5 2. c3 e6 3. Bf4 d5 4. Nf3 Nc6 5. e3 c4 6. Qc2 Nf6 7. b3 b5 8. Nbd2 Bd6
9. Bg3 Bxg3 10. hxg3 h6 11. Ng5 Ke7 12. Ngf3 Re8 13. bxc4 bxc4 14. Rb1 Qc7 15.
e4 Kf8 16. e5 Ng8 17. g4 g6 18. g5 h5 19. g3 Rb8 20. Bg2 Rxb1+ 21. Qxb1 Qb7 22.
Qc2 Bd7 23. Nh4 Nge7 24. Ke2 Rb8 25. a3 Qb2 26. Qxb2 Rxb2 27. Rb1 Rxb1 28. Nxb1
Na5 29. Kf3 Kg7 30. g4 hxg4+ 31. Kxg4 Nb3 32. Bf1 a5 33. f4 1/2-1/2

[Event "29. Schweinfurt Open"]
[Site "Schweinfurt"]
[Date "2019.06.22"]
[Round "4.1"]
[White "Peschel, Andreas"]
[Black "Kornitzky, Tino"]
[Result "1-0"]
[WhiteElo "2170"]
[BlackElo "2098"]
[PlyCount "33"]
[EventDate "2019.??.??"]
[WhiteTeam "SG Solingen"]
[BlackTeam "FC Bayern München"]

1. d4 Nf6 2. Nf3 d5 3. c4 e6 4. e3 a6 5. Nbd2 Be7 6. Bd3 O-O 7. O-O dxc4 8.
Nxc4 b5 9. Nce5 c5 10. dxc5 Bxc5 11. Qc2 Qb6 12. b4 Be7 13. Ng5 g6 14. Bxg6
fxg6 15. Nxg6 Nc6 16. Qxc6 Qxc6 17. Nxe7+ 1-0

[Event "29. Schweinfurt Open"]
[Site "Schweinfurt"]
[Date "2019.06.22"]
[Round "4.2"]
[White "Weise, Martin"]
[Black "Eichenauer, Pascal"]
[Result "1-0"]
[WhiteElo "2122"]
[BlackElo "1822"]
[PlyCount "81"]
[EventDate "2019.??.??"]
[WhiteTeam "SC Fulda"]
[BlackTeam "SV Würzburg"]

1. d4 d5 2. Nf3 Nf6 3. e3 Bf5 4. c4 c6 5. Nc3 e6 6. Nh4 Bg4 7. Qb3 b6 8. h3 Bh5
9. g4 Ne4 10. Nxe4 Qxh4 11. Nc3 Bxg4 12. Bg2 Bf5 13. cxd5 exd5 14. Bxd5 Qf6 15.
Bg2 Qg6 16. Bf1 Be7 17. Qd1 Bb4 18. Rh2 O-O 19. Rg2 Qe6 20. Rg1 Rd8 21. Qb3
Qxb3 22. axb3 Bc2 23. Bd2 Nd7 24. Bg2 Rdc8 25. Ne2 Bxd2+ 26. Kxd2 Bxb3 27. Rgc1
a5 28. Bxc6 Be6 29. Bxa8 Rxa8 30. Nf4 b5 31. Nxe6 fxe6 32. Rc7 Nb6 33. Rg1 g6
34. Rb7 Nc4+ 35. Ke2 b4 36. b3 Nd6 37. Rb6 Nf5 38. Ra1 Rc8 39. Kd2 Rc3 40. Rxa5
Rxb3 41. Ra7 1-0

[Event "29. Schweinfurt Open"]
[Site "Schweinfurt"]
[Date "2019.06.22"]
[Round "4.3"]
[White "Helm, Timo"]
[Black "Minor, Viatcheslav"]
[Result "0-1"]
[WhiteElo "2109"]
[BlackElo "2032"]
[PlyCount "56"]
[EventDate "2019.??.??"]
[WhiteTeam "SC Bad Königshofen / NES"]
[BlackTeam "SV Eisenach"]

1. e4 e6 2. d4 d5 3. Nc3 Bb4 4. exd5 exd5 5. Bd3 Nc6 6. Nge2 Nge7 7. O-O Bg4 8.
a3 Bxc3 9. bxc3 O-O 10. f3 Bf5 11. c4 Bxd3 12. Qxd3 dxc4 13. Qxc4 Qd7 14. c3
Rad8 15. Bf4 Nd5 16. Bd2 Rfe8 17. Rfe1 Nb6 18. Qa2 Na5 19. Ng3 Nbc4 20. Re4
Nxd2 21. Qxd2 Nb3 22. Qg5 h6 23. Qh5 Nxa1 24. Rg4 Re6 25. Nf5 Rg6 26. Rxg6 fxg6
27. Qxg6 Kf8 28. Qh7 Qf7 0-1

[Event "29. Schweinfurt Open"]
[Site "Schweinfurt"]
[Date "2019.06.22"]
[Round "4.4"]
[White "Lang, Stefan"]
[Black "Maar, Samuel"]
[Result "0-1"]
[WhiteElo "2094"]
[BlackElo "1966"]
[PlyCount "122"]
[EventDate "2019.??.??"]
[WhiteTeam "SK Bad Neustadt"]
[BlackTeam "Sfr. Bad Emstal/Wolfhagen"]

1. c4 Nf6 2. Nc3 g6 3. g3 Bg7 4. Bg2 O-O 5. d3 d6 6. Bd2 c5 7. Rb1 Nc6 8. Qc1
Re8 9. Bh6 Bh8 10. h4 e6 11. Nh3 d5 12. O-O Ne7 13. Bg5 b6 14. Qf4 Nh5 15. Qf3
f6 16. g4 fxg5 17. gxh5 gxh4 18. cxd5 Bxc3 19. d6 Nd5 20. bxc3 Rb8 21. hxg6
hxg6 22. c4 Nc3 23. Rb3 Nxa2 24. Ra3 Nb4 25. Rxa7 Bd7 26. Qg4 Kg7 27. Nf4 g5
28. Be4 Kf8 29. Ng6+ Kg8 30. Qh5 e5 31. Qh8+ Kf7 32. Qh7+ Ke6 33. Rxd7 Qxd7 34.
Bf5+ Kxf5 35. Qxd7+ Kxg6 36. Qc7 Na6 37. Qa7 Nb4 38. d7 Red8 39. Qc7 Kf5 40.
Qd6 Rb7 41. f3 Rdxd7 42. e4+ Kf4 43. Qf6+ Ke3 44. Qxg5+ Kd4 45. Qd2 Ra7 46.
Qb2+ Ke3 47. Re1+ Kxd3 48. Rd1+ Kxc4 49. Rxd7 Rxd7 50. Qxe5 Rd2 51. Qe6+ Kb5
52. Qe8+ Nc6 53. Qh8 Nd4 54. f4 c4 55. Qe8+ Kb4 56. Qe7+ Kb3 57. Qf6 b5 58. e5
c3 59. Qf7+ Kb2 60. Qe7 c2 61. Qb4+ Nb3 0-1

[Event "29. Schweinfurt Open"]
[Site "Schweinfurt"]
[Date "2019.06.22"]
[Round "4.5"]
[White "Reinl, Fred"]
[Black "Stadler, Andreas"]
[Result "0-1"]
[WhiteElo "1961"]
[BlackElo "2025"]
[PlyCount "80"]
[EventDate "2019.??.??"]
[WhiteTeam "SK Schweinfurt 2000"]
[BlackTeam "SK München Südost"]

1. e4 e6 2. d4 d5 3. Nd2 dxe4 4. Nxe4 Nd7 5. Nf3 Ngf6 6. Bg5 h6 7. Nxf6+ Nxf6
8. Bh4 Be7 9. Bd3 O-O 10. O-O c5 11. c3 b6 12. Bc2 Bb7 13. Bxf6 Bxf6 14. Qd3 g6
15. Rad1 Qc7 16. dxc5 Qxc5 17. Qe2 Bd5 18. a3 Qc6 19. Ne1 Rad8 20. f4 Bc4 21.
Bd3 Bb3 22. Rd2 e5 23. fxe5 Bg5 24. Nf3 Bxd2 25. Nxd2 Qd5 26. Rf3 Bc2 27. Ne4
Bxd3 28. Nf6+ Kg7 29. Qe1 Qc5+ 30. Kh1 Bc2 31. Rf1 Rd1 32. Qe2 Rxf1+ 33. Qxf1
Qxe5 34. Ng4 Qf5 35. Qc4 Rd8 36. h3 h5 37. Ne3 Qe4 38. Qc7 Re8 39. Nc4 h4 40.
Kh2 g5 0-1

[Event "29. Schweinfurt Open"]
[Site "Schweinfurt"]
[Date "2019.06.22"]
[Round "4.6"]
[White "Bussard, Christian"]
[Black "Roth, Jakob"]
[Result "1-0"]
[WhiteElo "2285"]
[BlackElo "1888"]
[PlyCount "69"]
[EventDate "2019.??.??"]
[WhiteTeam "SG Niederkassel"]
[BlackTeam "Spvgg Stetten"]

1. b3 d5 2. Bb2 Nf6 3. Nf3 c5 4. e3 Bg4 5. h3 Bh5 6. d3 Nc6 7. Nbd2 Qc7 8. g4
Bg6 9. Nh4 O-O-O 10. Bg2 e6 11. a3 Bd6 12. Qe2 Kb8 13. Ndf3 e5 14. Nd2 Rhe8 15.
Nxg6 hxg6 16. g5 Nh7 17. Bxd5 Nxg5 18. O-O-O Ne7 19. Bg2 Nf5 20. h4 Ne6 21. Nc4
Rh8 22. Nxd6 Qxd6 23. Qf3 Rd7 24. h5 Ne7 25. Qg3 f6 26. hxg6 Rxh1 27. Rxh1 Rd8
28. Kb1 Ng5 29. Bxe5 Qxe5 30. Qxe5+ fxe5 31. Rh5 Ne6 32. Rxe5 Rd6 33. Bh3 Nxg6
34. Rxe6 Rxe6 35. Bxe6 1-0

[Event "29. Schweinfurt Open"]
[Site "Schweinfurt"]
[Date "2019.06.22"]
[Round "4.7"]
[White "Heiduk, Christoph"]
[Black "Kuhn, Norbert"]
[Result "0-1"]
[WhiteElo "1875"]
[BlackElo "2045"]
[PlyCount "100"]
[EventDate "2019.??.??"]
[WhiteTeam "SC Bayerwald Regen/Zwiesel"]
[BlackTeam "SV Würzburg"]

1. d4 d5 2. c4 e6 3. Nc3 Nf6 4. cxd5 exd5 5. Bg5 c6 6. e3 Be7 7. Bd3 O-O 8.
Nge2 Re8 9. h3 Nbd7 10. Qc2 Nf8 11. O-O-O b5 12. Kb1 a5 13. g4 a4 14. Ng3 Qa5
15. Nce2 b4 16. Qxc6 Bd7 17. Qc1 Ne6 18. Bxf6 Bxf6 19. Qd2 Ng5 20. Nf4 Be7 21.
Nf5 Bf8 22. Rc1 Ne4 23. Qe2 a3 24. Bxe4 axb2 25. Qxb2 dxe4 26. Qb3 Bxf5 27.
gxf5 Qxf5 28. Qd5 Ra5 29. Qxf5 Rxf5 30. Rc2 Bd6 31. Ng2 Kf8 32. Ne1 Ra8 33. Rb2
Ke7 34. Rg1 Rh5 35. Rxg7 Rxh3 36. Kc2 Ra3 37. Kd2 Rh1 38. Ke2 h5 39. f4 Rh2+
40. Rg2 Rxg2+ 41. Nxg2 Ke6 42. Kf2 Be7 43. Re2 h4 44. Kg1 Kf5 45. Kh2 Kg4 46.
Ne1 h3 47. Kh1 Kg3 48. Kg1 b3 49. axb3 Ra1 50. Kf1 Bb4 0-1

[Event "29. Schweinfurt Open"]
[Site "Schweinfurt"]
[Date "2019.06.22"]
[Round "4.8"]
[White "Milovanovic, Milos"]
[Black "Perez Celis, Alba"]
[Result "1/2-1/2"]
[WhiteElo "2025"]
[BlackElo "1822"]
[PlyCount "141"]
[EventDate "2019.??.??"]
[WhiteTeam "SF Gottmadingen"]
[BlackTeam "SV Malchow / NES"]

1. e4 e5 2. Nf3 Nc6 3. Bb5 a6 4. Ba4 Nf6 5. O-O b5 6. Bb3 Be7 7. Re1 O-O 8. h3
d6 9. c3 Nb8 10. d4 Nbd7 11. Nbd2 Bb7 12. Bc2 Re8 13. Nf1 Bf8 14. Ng3 g6 15.
Bg5 c5 16. d5 c4 17. Qd2 Nc5 18. b4 cxb3 19. axb3 Rc8 20. Nh2 Be7 21. h4 Qc7
22. Re3 a5 23. Rf3 Ncd7 24. Bd1 Ra8 25. Ngf1 Nxe4 26. Qd3 Nxg5 27. hxg5 Bxg5
28. Qxb5 e4 29. Rh3 Ne5 30. Ng4 Nxg4 31. Bxg4 Reb8 32. c4 f5 33. Bd1 Kg7 34.
Qa4 f4 35. Nd2 Qe7 36. Bc2 Bc8 37. Rh1 e3 38. Nf3 exf2+ 39. Kxf2 Bf6 40. Rae1
Qa7+ 41. Kf1 Bd7 42. Qa3 Qb6 43. Qc1 Re8 44. Qxf4 Rxe1+ 45. Kxe1 Re8+ 46. Kd1
Qe3 47. Qxe3 Rxe3 48. Kd2 Re8 49. Re1 Rxe1 50. Nxe1 h5 51. Ke3 g5 52. Nf3 g4
53. Nd4 Bg5+ 54. Kd3 Bd8 55. Ke3 Kh6 56. Bf5 Be8 57. Ke4 a4 58. bxa4 Bxa4 59.
Bc8 Kg6 60. Bb7 Bb6 61. Bc6 Bd1 62. Be8+ Kg5 63. g3 Bxd4 64. Kxd4 h4 65. gxh4+
Kxh4 66. Bg6 Kg3 67. c5 dxc5+ 68. Kxc5 Kh2 69. Be4 g3 70. d6 Bg4 71. Kd4
1/2-1/2

[Event "29. Schweinfurt Open"]
[Site "Schweinfurt"]
[Date "2019.06.22"]
[Round "4.9"]
[White "Bombe, Bernhard"]
[Black "Schmitz, Wolfgang"]
[Result "1/2-1/2"]
[WhiteElo "1845"]
[BlackElo "2017"]
[PlyCount "64"]
[EventDate "2019.??.??"]
[WhiteTeam "SK Tarrasch München"]
[BlackTeam "SC Prichsenstadt"]

1. e4 e5 2. Nf3 d6 3. d4 exd4 4. Nxd4 Nf6 5. Nc3 Be7 6. Bc4 O-O 7. f3 Re8 8.
O-O d5 9. Nxd5 Bc5 10. Nxf6+ Qxf6 11. c3 Nc6 12. Be3 Rd8 13. Qd2 Nxd4 14. cxd4
Bxd4 15. Rad1 Bxe3+ 16. Qxe3 Be6 17. e5 Qh4 18. Bxe6 fxe6 19. g3 Qa4 20. b3
Qxa2 21. Qg5 Rxd1 22. Rxd1 Qxb3 23. Rd7 Qb1+ 24. Kf2 Qc2+ 25. Kf1 Qg6 26. Rd8+
Rxd8 27. Qxd8+ Kf7 28. Qxc7+ Kf8 29. Qd8+ Kf7 30. Qc7+ Kf8 31. Qd6+ Kf7 32.
Qd7+ Kf8 1/2-1/2

[Event "29. Schweinfurt Open"]
[Site "Schweinfurt"]
[Date "2019.06.22"]
[Round "4.10"]
[White "Kwossek, Martin"]
[Black "Wiener, Horst"]
[Result "0-1"]
[WhiteElo "1800"]
[BlackElo "1943"]
[PlyCount "81"]
[EventDate "2019.??.??"]
[WhiteTeam "SC Kitzingen"]
[BlackTeam "SK Schweinfurt 2000"]

1. d4 Nf6 2. Nf3 b6 3. Bf4 Bb7 4. e3 d6 5. Bd3 g6 6. O-O Bg7 7. h3 Nbd7 8. Nbd2
O-O 9. c3 c5 10. Rc1 Qc7 11. Bb5 a6 12. Bxd7 Nxd7 13. e4 e5 14. dxe5 dxe5 15.
Bg3 c4 16. Qe2 b5 17. b3 Rac8 18. b4 Rfe8 19. Rfd1 Nf6 20. Bh4 Nh5 21. Bg5 Nf4
22. Bxf4 exf4 23. Nh2 f5 24. f3 Rcd8 25. Nhf1 Rd3 26. a4 Qd6 27. axb5 axb5 28.
Nb1 fxe4 29. fxe4 Rxe4 30. Rxd3 Rxe2 31. Rxd6 Rxg2+ 32. Kh1 Rd2+ 33. Kg1 Rxd6
34. Na3 Bc6 35. Nb1 Rd3 36. Re1 Kf7 37. Kh2 Rf3 38. Nfd2 Rf2+ 39. Kg1 Rg2+ 40.
Kf1 Rh2 41. Ne4 0-1

[Event "29. Schweinfurt Open"]
[Site "Schweinfurt"]
[Date "2019.06.22"]
[Round "4.11"]
[White "Dosch, Stefan"]
[Black "Langguth, Rolf"]
[Result "0-1"]
[WhiteElo "1782"]
[BlackElo "1927"]
[PlyCount "48"]
[EventDate "2019.??.??"]
[WhiteTeam "SK Buchen-Walldürn"]
[BlackTeam "SK Schweinfurt 2000"]

1. e4 c5 2. Bc4 e6 3. Nc3 d6 4. d3 a6 5. a3 b5 6. Ba2 Nc6 7. f4 Nf6 8. Nf3 Be7
9. O-O Qc7 10. h3 O-O 11. Be3 Rd8 12. g4 d5 13. e5 d4 14. exf6 Bxf6 15. Ne4
dxe3 16. Nxf6+ gxf6 17. Ne1 Nd4 18. Qb1 Ne2+ 19. Kh2 Nxf4 20. Kg3 Nxd3+ 21. Kf3
Bb7+ 22. Ke2 Nf4+ 23. Kxe3 Qe5+ 24. Kf2 Nxh3# 0-1

[Event "29. Schweinfurt Open"]
[Site "Schweinfurt"]
[Date "2019.06.22"]
[Round "4.13"]
[White "Peuckert, Ruediger"]
[Black "Brueckner, Alexander"]
[Result "1/2-1/2"]
[WhiteElo "1783"]
[BlackElo "1875"]
[PlyCount "46"]
[EventDate "2019.??.??"]
[WhiteTeam "SK Schweinfurt 2000"]
[BlackTeam "SF Augsburg / SW"]

1. e4 c5 2. Nf3 e6 3. d4 cxd4 4. Nxd4 a6 5. Nc3 Nc6 6. a3 Qc7 7. Nxc6 bxc6 8.
Bc4 Nf6 9. O-O d5 10. exd5 cxd5 11. Bb3 Bd6 12. h3 h6 13. Re1 O-O 14. Ne2 Ne4
15. Be3 Bb7 16. c3 Rad8 17. Nd4 Bc5 18. Qg4 Bxd4 19. Bxd4 e5 20. Be3 Qc6 21.
Rad1 Rd6 22. Qf5 Re8 23. f3 Bc8 1/2-1/2

[Event "29. Schweinfurt Open"]
[Site "Schweinfurt"]
[Date "2019.06.22"]
[Round "4.15"]
[White "Krenz, Dieter"]
[Black "Voelker, Joachim"]
[Result "1-0"]
[WhiteElo "1927"]
[BlackElo "1743"]
[PlyCount "67"]
[EventDate "2019.??.??"]
[WhiteTeam "SC Prichsenstadt"]
[BlackTeam "SK Schweinfurt"]

1. d4 d5 2. Nf3 Nf6 3. Bg5 e6 4. e3 Be7 5. Bd3 b6 6. Qe2 a5 7. Nbd2 Ba6 8. c4
dxc4 9. Nxc4 Bb4+ 10. Nfd2 Qd5 11. Bxf6 gxf6 12. O-O Bxd2 13. Nxd2 Bxd3 14.
Qxd3 Nd7 15. e4 Qg5 16. f4 Qh5 17. Rf3 a4 18. Rc1 Kd8 19. e5 Ra5 20. Nc4 Rd5
21. Ne3 Ra5 22. Rh3 Qg6 23. Qc3 Ra7 24. f5 Qg7 25. Rg3 Qf8 26. fxe6 fxe6 27.
Qc6 fxe5 28. dxe5 Nc5 29. Rf1 Qe8 30. Qf3 c6 31. Nc4 b5 32. Rd1+ Kc7 33. Rg7+
Kb8 34. Nd6 1-0

[Event "29. Schweinfurt Open"]
[Site "Schweinfurt"]
[Date "2019.06.22"]
[Round "4.16"]
[White "Ley, Reinhard"]
[Black "Memmel, Guenther"]
[Result "1/2-1/2"]
[WhiteElo "1709"]
[BlackElo "1865"]
[PlyCount "44"]
[EventDate "2019.??.??"]
[WhiteTeam "SV Spr.Siershahn"]
[BlackTeam "SK Schweinfurt 2000"]

1. d4 Nf6 2. Nf3 g6 3. c4 Bg7 4. Nc3 d5 5. e3 c6 6. Bd3 Nbd7 7. O-O O-O 8. cxd5
Nxd5 9. Nxd5 cxd5 10. b3 e5 11. dxe5 Nxe5 12. Nxe5 Bxe5 13. Rb1 Qc7 14. h3 Be6
15. Bb2 Bxb2 16. Rxb2 Qe5 17. Qd2 d4 18. exd4 Qxd4 19. Be2 Qxd2 20. Rxd2 Rfd8
21. Rfd1 Rxd2 22. Rxd2 Rc8 1/2-1/2

[Event "29. Schweinfurt Open"]
[Site "Schweinfurt"]
[Date "2019.06.22"]
[Round "4.17"]
[White "Kiesel, Jannik"]
[Black "Hohner, Karl-Heinz"]
[Result "0-1"]
[WhiteElo "1579"]
[BlackElo "1806"]
[PlyCount "50"]
[EventDate "2019.??.??"]
[WhiteTeam "DT Münnerstadt"]
[BlackTeam "(vls) Kronach"]

1. e4 c5 2. Nf3 e6 3. d4 cxd4 4. Nxd4 Nf6 5. f3 d6 6. Nc3 a6 7. Be3 Be7 8. Qd2
Nc6 9. O-O-O Qc7 10. Bc4 Bd7 11. h4 Rc8 12. h5 Nxd4 13. Bxd4 Qxc4 14. Bxf6 gxf6
15. g4 b5 16. Kb1 h6 17. Rhe1 Kf8 18. Re3 b4 19. Ne2 Kg7 20. Nd4 Kh7 21. f4
Rhg8 22. Rg1 Bd8 23. Nb3 Bb6 24. Qxd6 Bxe3 25. Qxd7 Rc7 0-1

[Event "29. Schweinfurt Open"]
[Site "Schweinfurt"]
[Date "2019.06.22"]
[Round "4.18"]
[White "Schrutka, Friedrich"]
[Black "Wirth, Reinhard"]
[Result "1-0"]
[WhiteElo "1794"]
[BlackElo "1736"]
[PlyCount "53"]
[EventDate "2019.??.??"]
[WhiteTeam "SF Bad Kissingen"]
[BlackTeam "SC Bergrheinfeld"]

1. Nf3 d5 2. g3 c5 3. c4 e6 4. Bg2 Nc6 5. cxd5 exd5 6. d4 Nf6 7. O-O Be7 8. Nc3
O-O 9. Bg5 h6 10. Bxf6 Bxf6 11. dxc5 Be6 12. e3 Bxc3 13. bxc3 Qa5 14. Qd2 Qxc5
15. Nd4 Nxd4 16. cxd4 Qd6 17. Qb2 Rab8 18. Rfc1 b5 19. Rc5 Rfd8 20. Rac1 Qa6
21. Bf1 Qa4 22. Bxb5 Qa5 23. Qc3 Qxc3 24. R1xc3 Rb6 25. Ba4 Rb2 26. Bb3 Bh3 27.
Rc2 1-0